=LDR 00000nam 2200000 4500 =001 INLIS000000000009478 =005 20130612101252 =008 ***********************************Ind** =035 ##$$0010-061300000009478 =041 ##$$a Ind =082 ##$$a 651.56 =090 ##$$a 651.56, Bar. m =100 ##$$a Bartos, Basir =245 ##$$a Manajemen Kearsipan, untuk lembaga swasta dan perguruantinggi, Basir Bartos =260 ##$$a 2000 $b Jakarta =300 ##$$a x, 274 hlm, 21 cm =650 ##$$a Arsip dan Kearsipan - Manajemen =850 ##$$a NBPNMAT